La escritura inspirada: estudios sobre la inspiración bíblica
Gespeichert in:
| 1. Verfasser: | |
|---|---|
| Format: | Buch |
| Sprache: | Spanisch |
| Veröffentlicht: |
Bilbao
Universidad de Deusto
1993
|
| Ausgabe: | 1a. ed |
| Schriftenreihe: | Colección Teología-Deusto, 26
|
| Schlagworte: | |
| Tags: |
Tag hinzufügen
Keine Tags, Fügen Sie den ersten Tag hinzu!
|
MARC
| LEADER | 00000cam a2200000 a 4500 | ||
|---|---|---|---|
| 001 | UCE9158 | ||
| 003 | CL-VaPUC | ||
| 008 | 151002e19930000sp |||||||||||||||||spa|d | ||
| 020 | |a 8427118864 | ||
| 082 | 0 | 4 | |a 220.13 |b ART |2 21 |
| 100 | 0 | |a Artola Arbiza, Antonio María |e author |9 581881 | |
| 245 | 1 | 3 | |a La escritura inspirada: estudios sobre la inspiración bíblica |
| 250 | |a 1a. ed | ||
| 300 | |a 255 p | ||
| 942 | |c BK | ||
| 945 | |d 20151002 15:56:00 |a dcastane | ||
| 260 | |a Bilbao |b Universidad de Deusto |c 1993 | ||
| 650 | 0 | |a Biblia |9 257603 | |
| 650 | 0 | |a Antiguo testamento |9 313678 | |
| 650 | 7 | |a INSPIRACION |2 CL-VaPUC |9 307248 | |
| 583 | |a last modification |c 20151002 15:56:00 |k Rodrigo Vera | ||
| 490 | 0 | |a Colección Teología-Deusto, 26 | |
| 999 | |c 360850 |d 360848 | ||
| 952 | |0 0 |1 0 |3 erb |4 0 |6 220_130000000000000_ART_1993 |7 0 |8 A |9 470965 |a BIBTEO |b BIBTEO |i 5202531 |o 220.13 ART 1993 |p 5202531 |r 2025-01-17 |w 2019-11-23 |y BK |z Catalogado en:20151002 |k ICR | ||